000 00551nam a22001817a 4500
008 250522b |||||||| |||| 00| 0 eng d
020 _a9783527318001
050 _aT174.7
_b.B35 2008
100 _aBalzani Vicenzo
245 _aMolecular Devices and Machines
_bConcepts and Perspectives for the Nano World.
250 _aSecond Edition
260 _aGermany
_bWiley-VCH
_c2008
300 _axxxiii, 527p:
_billustration;
650 _aNanotechnology
_vMolecular Electronics
700 _aCredi Alberto
700 _aVenturi Margherita
942 _cBK
999 _c3612
_d3612